000 01460cam a2200397 i 4500
001 25860
003 Mx-PuUPA
005 20250218130739.0
008 140415s2018 sp gr 000 0cspa d
017 _aB.20544-2018
020 _a9788433980199
040 _aMx-PuUPA
_bspa
_cMx-PuUPA
_dMx-PuUPA
_erda
041 1 _aspa
_hfre
100 1 _aDebray, Laurence,
_d1976-
_916667
_eautor
240 1 0 _aFile de révolutionnaires.
_lEspañol
245 1 0 _aHija de revolucionarios /
_cLaurence Debray ; de la traducción Cristina Zelich
250 _aPrimera edición /
_boctubre
264 1 _aBarcelona :
_bEditorial Anagrama,
_c2018
300 _a284 páginas ;
_c22 cm
336 _2rdacontent
_atexto
_btxt
337 _2rdamedia
_asin medio
_bn
338 _2rdacarrier
_avolumen
_bnc
490 0 _aPanorama de narrativas ;
_v989
600 1 4 _aDebray, Laurence,
_d1976
_xFamilia
600 1 4 _aDebray, Regis,
600 1 4 _aBurgos Debray, Elizabeth
650 7 _2armarc
_aAutores franceses
_ySiglo XX
_x
_vBiografía
650 7 _2armarc
_aAutores franceses
_ySiglo XXI
_vBiografía
650 7 _2armarc
_aRevolucionarios franceses
_vBiografías
700 1 _aZelich, Cristina,
_etraductor
765 0 _aDebray, Laurence,1976-
_dParís : Éditions Stock, 2017
_tFile de révolutionnaires.
942 _2ddc
_cLI
_hxx
_ixx
_n
999 _c25860
_d25860